| 000 | 00860nam a2200289 a 4500 | ||
|---|---|---|---|
| 003 | AR-BaBNM | ||
| 005 | 20251128203329.0 | ||
| 008 | 082120s2002 ||||||||||||||000 | spa|| | ||
| 040 | _cAR-BaBNM | ||
| 100 | 1 | _aChaves, Julio César | |
| 245 | 0 | 0 | _aLa entrevista de Guayaquil |
| 260 |
_aBuenos Aires _bEudeba _c1965 |
||
| 300 | _a107 p. | ||
| 490 | 0 | _aBiblioteca de américa. Libros del tiempo nuevo | |
| 500 | _aLas notas se encuentran en el final de la obra p. 101-106 | ||
| 600 | 1 | 4 | _aSan Martín, José de |
| 600 | 1 | 4 | _aBolívar, Simón |
| 650 | 4 | _aPERIODO INDEPENDIENTE | |
| 650 | 4 | _aMOVIMIENTOS EMANCIPADORES LATINOAMERICANOS | |
| 650 | 4 | _aCAMPAÑAS LIBERTADORAS | |
| 650 | 4 | _aCAMPAÑA DE LOS ANDES | |
| 650 | 4 | _aHISTORIA LATINOAMERICANA | |
| 650 | 4 | _aHISTORIA POLITICA | |
| 650 | 4 | _aHISTORIA SOCIAL | |
| 942 | _cBK | ||
| 998 | _cmariana | ||
| 999 |
_c2927 _d2927 |
||